Zapojení studentů do vytváření a komplexního hodnocení kvality českého vysokého školství

Popis aktuálneho stavu študentského hodnotenia kvality vysokých škôl založený na výsledkoch skupinových diskusií so zástupcami študentov z 15 vysokých škôl v Českej republike. Účel študentského hodnotenia a jeho forma. Úroveň dotazníkov. Diskusia o vytváraní a hodnotení kvality vysokých škôl dotýkaj...

Descrizione completa

Salvato in:
Dettagli Bibliografici
Autore principale: Švec, Jaroslav
Natura: Capitolo di libro
Lingua:ceco
Soggetti:
Tags: Aggiungi Tag
Nessun Tag, puoi essere il primo ad aggiungerne!!

MARC

LEADER 00000naa$a2200000$$$4500
001 0037713
005 20230919104325.4
041 0 |a cze 
044 |a CZ 
245 1 0 |a Zapojení studentů do vytváření a komplexního hodnocení kvality českého vysokého školství  |c Jaroslav Švec 
520 |a Popis aktuálneho stavu študentského hodnotenia kvality vysokých škôl založený na výsledkoch skupinových diskusií so zástupcami študentov z 15 vysokých škôl v Českej republike. Účel študentského hodnotenia a jeho forma. Úroveň dotazníkov. Diskusia o vytváraní a hodnotení kvality vysokých škôl dotýkajúcej sa študentov. Metóda zlepšovania kvality vysokoškolského vzdelávania na základe modelu EFQM. 
610 2 0 |a vzdelávanie vysokoškolské 
610 2 0 |a model EFQM 
610 2 0 |a kvalita 
610 2 0 |a výskum 
610 2 0 |a sebahodnotenie 
610 2 0 |a študenti 
610 2 0 |a Česko 
610 2 0 |a metódy 
610 2 0 |a dotazníky 
100 1 |a Švec, Jaroslav